01444nas a2200385 4500001001300000003000900013005001700022007000300039008003400042040005400076041000900130072001300139100002600152100002200178100002800200100002400228100000600252100000600258100000600264245015700270246015600427650001600583650001200599650001900611650001000630650001400640650001100654650000900665773009700674856005300771909004000824942001800864999001900882952015700901BR2013004827BR-BrBNA20231205122541.0ta230509b bl.|||p| |||| 00| 00por d aBR-BrBNAbporcBiblioteca Nacional de Agricultura a(Pt) aF03; F501 aSilva Junior, V.T. da1 aLima, J.M.G.M. de1 aRodrigues, C.W. de M.S.1 aBarbosa, D.C. de A.1 a 1 a 1 a 1 aErythrina velutina Willd. (leguminosae-papilionoideae)ocorrente em caatinga e brejo de altitude de pernambuco: biometria, embebição e germinação1 aErythrina velutina Willd. (leguminosae-papilionoideae)occurring In caatinga and brejo de altitude of pernambuco: biometrics, Imbibition and germination aLEGUMINOSAE aSEMENTE aGERMINAÇÃO aFRUTO aBIOMETRIA aVOLUME aPESO0 tRevista Árvore (Brazil)xISSN 0100-6762g(Mar-Apr 2012), v. 36(2) p. 247-257wBR201300482740uhttp://www.scielo.br/pdf/rarv/v36n2/a06v36n2.pdf a202311bLúciac55dLúcia Elande 2AGRISn0cANA c229231d229231 002AGRIS4071a41918b41918cPeriódicos Agrícolash(Mar-Apr 2012), v. 36(2) p. 247-257l0r2023-11-29t01yCRePortaria Interministerial nº 164/94